AFRICA through the eye of the video camera
Salvato in:
| Natura: | Libro |
|---|---|
| Lingua: | inglese |
| Pubblicazione: |
Academic Publishers
2008
|
| Tags: |
Aggiungi Tag
Nessun Tag, puoi essere il primo ad aggiungerne!!
|
MARC
| LEADER | 00000nam a22000007a 4500 | ||
|---|---|---|---|
| 008 | 211122b ||||| |||| 00| 0 eng d | ||
| 020 | |a 0797800255 | ||
| 245 | |a AFRICA through the eye of the video camera |c edited by Foluke Ogunleye |g xi, 283p. | ||
| 260 | |b Academic Publishers |c 2008 |h Manzini Swaziland |i 673172 |i 673173 |l PN 1993 .5 .A35Af8 |m Motion Pictures - Africa |m Video recordings - Africa |m Motion Picture industry - Africa | ||
| 942 | |a lcc |c BK |e Adeyeye Y. S. |f 22/11/21 | ||
| 952 | |0 0 |1 0 |2 lcc |4 0 |6 PN19935 A35 A F8 |7 0 |9 3898 |a HOL |b HOL |c LP |d 2021-11-22 |l 0 |o PN 1993 . 5.A35Af8 |p 2021-67623 |r 2021-11-22 00:00:00 |w 2021-11-22 |y BK | ||
| 952 | |0 0 |1 0 |2 lcc |4 0 |6 PN19935 A35 A F8 |7 0 |9 3899 |a HOL |b ART |c LP |d 2021-11-22 |l 0 |o PN 1993 . 5.A35Af8 |p 2021-67624 |r 2021-11-22 00:00:00 |w 2021-11-22 |y BK | ||
| 999 | |c 1948 |d 1948 | ||